Teatro /

محفوظ في:
التفاصيل البيبلوغرافية
المؤلف الرئيسي: Gide, André (مؤلف)
مؤلفون آخرون: Pavolini, Corrado, (1898-1980)
التنسيق: كتاب
اللغة:الإيطالية
منشور في: Milano : A. Mondadori, 1950
سلاسل:Quaderni della Medusa ; 32
الوسوم: إضافة وسم
لا توجد وسوم, كن أول من يضع وسما على هذه التسجيلة!

MARC

LEADER 00000nam a22000007ia4500
001 IT\ICCU\RAV\0070303
003 ItRI
005 20260115232232.0
008 891011s1950 it |||||| ||||| |||||c
040 |b ita  |c importazione bologna sebina 
041 7 |a ita  |2 ISO-639-2 
082 |a 842.912  |9 LETTERATURA DRAMMATICA FRANCESE, 1900-1945  |2 21 
100 1 |a Gide, André  |0 IT\ICCU\CFIV\013440  |4 aut 
240 1 3 |a Le roi Candaule.  |3 IT\ICCU\PAV\1002965  |9 Gide, André 
240 1 0 |a Oedipe.  |3 IT\ICCU\PAV\1002967  |9 Gide, André 
240 1 0 |a Perséphone.  |3 IT\ICCU\PAV\1002969  |9 Gide, André 
240 1 0 |a Saul. -  |3 IT\ICCU\RAV\0070306  |9 Gide, André 
245 1 0 |a Teatro /  |c André Gide. 
260 |a Milano :  |b A. Mondadori,  |c 1950 
300 |a 384 p. ;  |c 20 cm 
500 |a Contiene: Saul ; Re Candaule ; Edipo ; Persefone 
500 |a Traduzione di Corrado Pavolini. 
700 1 |a Pavolini, Corrado,  |d  (1898-1980)  |0 IT\ICCU\CFIV\111604 
774 0 |w IT\ICCU\NAP\0149159  |t Saul  |a Gide, André  |0 IT\ICCU\CFIV\013440 
774 0 |w IT\ICCU\NAP\0149170  |t Re Candaule  |a Gide, André  |0 IT\ICCU\CFIV\013440 
774 0 |w IT\ICCU\NAP\0149171  |t Edipo  |a Gide, André  |0 IT\ICCU\CFIV\013440 
774 0 |w IT\ICCU\NAP\0149172  |t Persefone  |a Gide, André  |0 IT\ICCU\CFIV\013440 
830 0 |a Quaderni della Medusa ;  |v 32  |0 IT\ICCU\RAV\0002861 
942 |2 ddc  |c BK  |n 0 
952 |0 0  |1 0  |4 0  |6 DOC_842_912000000000000_GID  |7 0  |9 22577  |a BO  |b BO  |d 2026-01-15  |i 5106  |l 0  |o DOC 842.912 GID  |p BO5106  |r 2026-01-15 23:22:32  |w 2026-01-15  |x [Sebina 7] [1 v.]  |y BK  |z 1 v. 
999 |c 19279  |d 19279